000 00814cam a2200217 4500
001 WB3746-17
008 011204n2001 000 0 eng u
035 _a(Sirsi) u115846
245 _aBuy-to-let behaves normally
260 _c2001
490 _aNegotiator
_v16(24) 30 November 2001, 10(1)
520 _aAssociation of Residential Letting Agents reports buy-to-let market has escaped any downward trend that is affecting other parts of the property market. In November there was no change in the market and rental yields had also remained virtually constant.
590 _aWB
650 _aBUY-TO-LET
650 _aHOUSE PRICES
650 _aASSOCIATION OF RESIDENTIAL LETTING AGENTS
650 _aRENTAL YIELDS
650 _aRENTAL MARKET
690 _aHOUSING-PRIVATE RENTED SECTOR
942 _n0
999 _c69012
_d69012